000 00436nam a2200181Ia 4500
008 230524s9999 xx 000 0 und d
020 _a0074622349
082 _a621.3821
_bMIL
100 _aJacob Millman
245 0 _aElectronic Devices and Circuits
250 _a32TH
260 _aNEW DELHI
_bTMH
_c2004
300 _aXIII;745
500 _aQuantity Number: 7
650 _aElectronics
700 _a C.C.Halkias
942 _cBK
999 _c9902
_d9902